| Tag |
First Indicator |
Second Indicator |
Subfields |
| LEADER |
00000cam a2200000 a 4500 |
| 001 |
in00001183621 |
| 005 |
20200710141744.0 |
| 008 |
911230s1988 vauab br 000 0 eng |
| 010 |
|
|
|a 91230690
|
| 020 |
|
|
|a 0930919556
|
| 035 |
|
|
|a (OCoLC)25964038
|
| 035 |
|
|
|9 AGG9929AM
|
| 040 |
|
|
|a DLC
|c DLC
|d TXA
|d UtOrBLW
|
| 043 |
|
|
|a n-us-va
|a n-usu--
|a n-us---
|
| 049 |
|
|
|a TXAM
|
| 050 |
0 |
0 |
|a E581.5 22nd
|b .L69 1988
|
| 082 |
0 |
0 |
|a 973.7/455
|2 20
|
| 100 |
1 |
|
|a Lowry, Terry,
|d 1949-
|
| 245 |
1 |
0 |
|a 22nd Virginia Infantry /
|c Terry D. Lowry.
|
| 250 |
|
|
|a 2nd ed.
|
| 264 |
|
1 |
|a Lynchburg, Va. :
|b H.E. Howard,
|c [1988]
|
| 264 |
|
4 |
|c ©1988
|
| 300 |
|
|
|a 231 pages :
|b illustrations, maps ;
|c 24 cm.
|
| 336 |
|
|
|a text
|b txt
|2 rdacontent
|
| 337 |
|
|
|a unmediated
|b n
|2 rdamedia
|
| 338 |
|
|
|a volume
|b nc
|2 rdacarrier
|
| 490 |
1 |
|
|a The Virginia regimental histories series
|
| 504 |
|
|
|a Includes bibliographical references (pages 212-216).
|
| 610 |
1 |
0 |
|a Confederate States of America.
|b Army.
|b Virginia Infantry Regiment, 22nd.
|
| 651 |
|
0 |
|a Virginia
|x History
|y Civil War, 1861-1865
|x Regimental histories.
|
| 651 |
|
0 |
|a United States
|x History
|y Civil War, 1861-1865
|x Regimental histories.
|
| 651 |
|
0 |
|a Virginia
|x History
|y Civil War, 1861-1865
|x Registers.
|
| 651 |
|
0 |
|a United States
|x History
|y Civil War, 1861-1865
|v Registers.
|
| 740 |
0 |
|
|a Twenty-second Virginia Infantry.
|
| 830 |
|
0 |
|a Virginia regimental histories series.
|
| 999 |
|
|
|a MARS
|
| 999 |
f |
f |
|s 1cf54d4d-ba08-36a5-83c4-35165341bac4
|i 87cca2de-f789-39ee-a3a0-ee79769b5bfe
|t 0
|
| 952 |
f |
f |
|p normal
|a Texas A&M University
|b College Station
|c Sterling C. Evans Library
|s Evans stk
|d Evans: Library Stacks
|t 0
|e E581.5 22nd .L69 1988
|h Library of Congress classification
|i unmediated -- volume
|m A14818477967
|
| 998 |
f |
f |
|a E581.5 22nd .L69 1988
|t 0
|l Evans: Library Stacks
|